000 01426nam a2200361 c 4500
003 BLK
005 20180422104914.0
008 180408b bul|||||r ||||||| ||bul||
010 _aKNG00099118000
040 _aBLK
041 _aBUL
_cBUL
080 _aЖивопис - художници
_b75.071.1
_x(420)(092)
_z75.071.1(420)(092)
080 _aАнглийски поет и художник
_b929 Блейк, Уилям
_x
_z929 Блейк, Уилям
100 1 _aБогомилова, Долорес
_eпърви автор
_9305863
139 _aБогомилова, Долорес
_bБ 48
245 1 0 _aУйлям Блейк
_bЖизнен и творчески път
_cДолорес Богомилова.
257 _aBGR
260 София
_bБълг. художник
_c1984
300 _a112 с., 16 л.
_bрепрод.
_c16 см
380 _a7
490 1 _aБиблиотека Епохи, майстори, шедьоври
600 1 4 _aБлейк, Уилям
_9366373
650 4 _aХудожници, английски
_9264353
650 4 _aБлейк, Уилям
_9366373
651 4 _aВеликобритания
_9178698
653 _aУилям Блейк
653 _aхудожници
852 _aЦб І 21299
856 4 _qpdf
_u
856 4 _qpdf
_u
942 _cKNG
_n0
944 _aCR
_c22.01.2011
_lдобави в АБ / 21.01.2011
_kИрена_Линкова
944 _aED
_c13.06.2013
_lдобави в АБ / 21.01.2011
_k
999 _c94297
_d94297